| 000 | 00801nam a2200229 a 4500 | ||
|---|---|---|---|
| 005 | 20210223125237.0 | ||
| 008 | 040115s2002 mx r 000 0 spa d | ||
| 020 | _a8476586361 | ||
| 035 | _aUPN01000131317 | ||
| 049 | _aCG | ||
| 050 | 4 |
_aLB2322.2 _bU5.5 |
|
| 245 | 0 | 0 |
_aUniversidad y verdad / _ccoord. Claudia Vélez de la Calle ; Gladys Adamson ... [et al.]. |
| 260 |
_aBarcelona, Esp. : _bAnthropos, _c2002. |
||
| 300 | _a269 p. | ||
| 440 | 0 |
_aRepensar la educación desde la actualidad ; _v3 |
|
| 650 | 4 |
_aUNIVERSIDADES Y COLEGIOS - _xASPECTOS SOCIOLOGICOS _915406 |
|
| 650 | 4 |
_aUNIVERSIDADES Y COLEGIOS - _zAMERICA LATINA _913585 |
|
| 650 | 4 |
_aUNIVERSIDADES Y COLEGIOS - _xFILOSOFIA |
|
| 700 | 1 |
_aVélez de la Calle, Claudia, _ecoord. |
|
| 700 | 1 |
_aAdamson, Gladys, _ecoaut. |
|
| 905 | _aLibro | ||
| 999 |
_c103472 _d103472 |
||